000 00625nam a2200205 i 4500
001 34333
003 ES-MaACL
005 20230906154920.0
007 t|
008 030204s1955 sp ||||1| spa d
100 1 _aBlond, Georges.
_929540
245 1 3 _aLa agonía de Alemania /
_cGeorges Blond ; [traducción española de Mariano Ferrer].
260 _aBarcelona :
_bCorinto,
_c[1955] (
_fSocitra)
300 _a325 p. :
_bil. ;
_c21 cm.
490 1 _aLa aventura vivida
700 1 _aFerrer, Mariano.
_950430
830 0 _aLa aventura vivida
_9182399
852 _aES-MaACL
_jC-10404
_bR.38340
999 _c34333
_d34333